000 00311nam a22001337a 4500
008 170612b xxu||||| |||| 00| 0 eng d
020 _a9780131930636
041 _aeng
080 _24TH
_a32
100 _a19
101 _aSHP
245 _aTERRORISM IN THE TWENTY-FIRST CENTURY
_cCOMBS, C.C
942 _2udc
_cBK
999 _c16955
_d16955